| 000 | 00662nam a22002297a 4500 | ||
|---|---|---|---|
| 003 | OSt | ||
| 005 | 20251029130822.0 | ||
| 008 | 250805t2007 ag ||||| |||| 00| 1 spa|| | ||
| 020 | _a9789875710771 | ||
| 040 | _cbesoc | ||
| 080 | _082-2(460) | ||
| 100 | 1 | 0 |
_aGarcía Lorca, Federico, _d1898-1936 _eautor |
| 245 | 1 | 3 |
_aLa casa de Bernarda Alba / _cFederico García Lorca ; estudio preliminar Patricia Cohen. |
| 260 |
_aBuenos Aires : _bGradifco, _c2007. |
||
| 300 |
_a95 p. ; _c19 cm. |
||
| 490 | 0 | _aColección Nogal | |
| 648 | 4 | _aSiglo XIX | |
| 650 | 4 |
_aLITERATURA ESPAÑOLA _ySIGLO XIX |
|
| 655 | 4 | _aTEATRO | |
| 700 | 1 | _aCohen, Patricia. | |
| 942 |
_2ddc _cLPD _n0 |
||
| 999 |
_c546 _d546 |
||